000 00505nam a22001937b 4500
003 OSt
005 20150319162347.0
008 060116s2005 sp | ||| ||spa
020 _a84-204-6902-5
040 _cBMC
082 _a823
100 1 _aBerger, John
_931162
245 1 0 _aAquí nos vemos
_cJohn Berger ; traducción, Pilar Vázquez
260 _aMadrid
_bAlfaguara
_c2005
300 _a214 p.
_c23 cm
650 2 4 _911162
_aNovela inglesa
700 1 _94611
_aVázquez, Pilar
942 _2ddc
_cBK
999 _c18118
_d18118